[Event "Polanica Zdroj op-C 56th"]
[Site "Polanica Zdroj"]
[Date "2020.08.22"]
[Round "8"]
[White "Szopa, Emilia"]
[Black "Komendecki, Jacek"]
[Result "0-1"]
[WhiteElo "1628"]
[BlackElo "2024"]
[PlyCount "98"]
[EventDate "2020.08.15"]
[EventType "swiss"]
[EventRounds "9"]
[EventCountry "POL"]
[SourceTitle "CBM 198 Extra"]
[Source "ChessBase"]
[SourceDate "2020.11.30"]
[SourceVersion "1"]
[SourceVersionDate "2020.11.30"]
[SourceQuality "1"]

1. e4 c5 2. Nf3 g6 3. d4 cxd4 4. Nxd4 Bg7 5. c4 Nc6 6. Be3 d6 7. Nc3 Nf6 8. Be2 Nxd4 9. Bxd4 0-0 10. 0-0 Bd7 11. Qd2 Bc6 12. f3 a5 13. b3 Nd7 14. Bxg7 Kxg7 15. Qd4+ Kg8 16. f4 Qb6 17. Qxb6 Nxb6 18. Nd5 Bxd5 19. exd5 Rfc8 20. f5 a4 21. fxg6 hxg6 22. Rae1 axb3 23. axb3 Ra3 24. Bd1 Kf8 25. Bg4 Rca8 26. Rf3 Ra1 27. Ref1 Rxf1+ 28. Kxf1 f5 29. Bh3 Ra1+ 30. Ke2 Nd7 31. Kd2 Ne5 32. Rf4 Kg7 33. Kc3 Ra2 34. Rf1 Kf6 35. Rf4 Kg5 36. Rf1 Kf6 37. Rf4 Re2 38. Rf1 Re3+ 39. Kc2 b6 40. Rf2 Nd7 41. Rf3 Rxf3 42. gxf3 Ke5 43. Kd3 Nc5+ 44. Ke3 f4+ 45. Kd2 Nxb3+ 46. Kd3 Nd4 47. Bg4 g5 48. h3 b5 49. cxb5 Nxb5 0-1

[Event "POL-chT 2nd League"]
[Site "Jastrzebia Gora"]
[Date "2018.09.04"]
[Round "4.9"]
[White "Jaskolka, Tomasz"]
[Black "Komendecki, Jacek"]
[Result "1-0"]
[WhiteElo "2177"]
[BlackElo "2116"]
[PlyCount "51"]
[EventDate "2018.09.01"]
[EventType "team-swiss"]
[EventRounds "9"]
[EventCountry "POL"]
[SourceTitle "CBM 186 Extra"]
[Source "ChessBase"]
[SourceDate "2018.08.24"]
[SourceVersion "1"]
[SourceVersionDate "2018.08.24"]
[SourceQuality "1"]
[WhiteTeam "Pilzno GKSz Hetman"]
[BlackTeam "Legnica Miedz"]
[WhiteTeamCountry "POL"]
[BlackTeamCountry "POL"]

1. d4 Nf6 2. c4 g6 3. Nc3 Bg7 4. e4 d6 5. Be2 0-0 6. Be3 a6 7. f3 c6 8. g4 b5 9. Qd2 bxc4 10. Bh6 d5 11. e5 Ne8 12. h4 f6 13. Nh3 Rf7 14. 0-0-0 Qc7 15. Bxg7 Nxg7 16. h5 g5 17. f4 gxf4 18. exf6 Rxf6 19. g5 Rf8 20. h6 Nf5 21. Nxf4 Nxd4 22. Nfxd5 Nxe2+ 23. Qxe2 cxd5 24. Nxd5 Qg3 25. Rhg1 Qf3 26. Nxe7+ 1-0

[Event "Krakow op-B"]
[Site "Krakow"]
[Date "2000.12.28"]
[Round "2"]
[White "Bajek, Marcin"]
[Black "Komendecki, Jacek"]
[Result "0-1"]
[WhiteElo "2000"]
[BlackElo "2088"]
[PlyCount "120"]
[EventDate "2000.12.??"]
[EventType "swiss"]
[EventRounds "9"]
[EventCountry "POL"]
[SourceTitle "EXT 2005"]
[Source "ChessBase"]
[SourceDate "2004.11.15"]
[SourceVersion "1"]
[SourceVersionDate "2004.11.15"]
[SourceQuality "1"]

1. e4 e6 2. d4 d5 3. Nd2 dxe4 4. Nxe4 Nd7 5. Nf3 Be7 6. Nfg5 Ndf6 7. Ng3 Nd5 8. Qh5 g6 9. Qg4 f5 10. Nxf5 exf5 11. Qe2 Ngf6 12. Bd2 0-0 13. 0-0-0 Re8 14. Qf3 h6 15. Nh3 Kh7 16. c4 Nb6 17. Nf4 Ne4 18. Bd3 c6 19. Be3 Bf6 20. Kb1 Qe7 21. Rc1 Qg7 22. Ne2 Be6 23. h3 Ng5 24. Qf4 Bd8 25. Qh2 Bc7 26. Qg1 Nf7 27. g4 Rad8 28. h4 Ne5 29. dxe5 Rxd3 30. Nf4 Rxe3 31. Nxe6 Rxe6 32. fxe3 Qxe5 33. gxf5 Qxf5+ 34. Ka1 Be5 35. Qg2 Na4 36. Rc2 Nxb2 37. Rxb2 Bxb2+ 38. Qxb2 Qe5 39. Rd1 Qxb2+ 40. Kxb2 Re7 41. Rd6 g5 42. hxg5 hxg5 43. Kc2 g4 44. Kd2 g3 45. Ke2 Rf7 46. Rd1 Rf2+ 47. Ke1 Rxa2 48. Rd7+ Kg8 49. Kf1 g2+ 50. Kg1 b5 51. cxb5 cxb5 52. Rb7 a6 53. Rb6 Kf7 54. e4 Ke7 55. e5 Kd7 56. e6+ Ke7 57. Kh2 a5 58. Rxb5 Kxe6 59. Rg5 a4 60. Ra5 a3 0-1

[Event "Krakow op-B"]
[Site "Krakow"]
[Date "2000.12.27"]
[Round "1"]
[White "Komendecki, Jacek"]
[Black "Liberski, Tomasz"]
[Result "1-0"]
[WhiteElo "2088"]
[BlackElo "2000"]
[PlyCount "83"]
[EventDate "2000.12.??"]
[EventType "swiss"]
[EventRounds "9"]
[EventCountry "POL"]
[SourceTitle "EXT 2005"]
[Source "ChessBase"]
[SourceDate "2004.11.15"]
[SourceVersion "1"]
[SourceVersionDate "2004.11.15"]
[SourceQuality "1"]

1. e4 e5 2. d4 exd4 3. Qxd4 Nc6 4. Qe3 Bb4+ 5. Bd2 Qe7 6. Nc3 Nf6 7. 0-0-0 0-0 8. f3 d6 9. Nge2 Bc5 10. Qg5 Bf2 11. Nf4 Re8 12. Nfd5 Nxd5 13. Nxd5 Qxg5 14. Bxg5 Bb6 15. Bb5 Kf8 16. Be3 Bxe3+ 17. Nxe3 Bd7 18. Bxc6 Bxc6 19. Rd2 b6 20. c4 a5 21. b3 Re5 22. Rc2 Bd7 23. g4 Rc8 24. Rd1 Bc6 25. Kb2 h5 26. h3 g6 27. Kc3 Bd7 28. Rd5 hxg4 29. hxg4 Kg7 30. Rh2 Re7 31. Rd1 Ree8 32. Rdh1 Bc6 33. Kd4 Kf6 34. Rh7 Re5 35. R1h6 Rce8 36. Kd3 a4 37. b4 b5 38. Nd5+ Bxd5 39. cxd5 R5e7 40. Rh2 Ke5 41. Ke3 f6 42. f4# 1-0